01426 2200397 4500001002100000005001500021035002000036007000300056008004100059020002200100082001700122084001900139100003100158245026600189250003600455300002500491650002000516700002900536700002400565700002600589700003700615700003200652700003200684700002500716700003400741700002900775700003200804264004500836336002100881337003000902338002300932040002200955090001900977850001200996990002001008INLIS00000000089526420250421102542 a0010-0425000513ta250303s2024 jbi g ind d a978-623-6346-42-604223a899.2211 a899.2211 AGU a0 aAgus R. SarjonoePengarang10aAngkatan puisi esai :bkitab 1 kelahiran dan masa-masa awal (2012-2014) /cAgus R. Sarjono, Ahmad Gaus AF, Denny JA, Beni Setia, Carolina Betty Tobing, Elza Peldi Taher, Katherina Achmad, Nur Faini, Peri Sandi Huizche, Saifur Rahman; penyunting, Irsyad Mohammad aCetakan pertama: September 2024 a596 halaman ;c21 cm 4aPuisi Indonesia0 aAhmad Gaus AFePengarang0 aDenny JAePengarang0 aBeni SetiaePengarang0 aCarolina Betty TobingePengarang0 aElza Peldi TaherePengarang0 aKatherina AchmadePengarang1 aNur FainiePengarang0 aPeri Sandi HuizcheePengarang0 aSaifur RahmanePengarang0 aIrsyad MohammadePenyunting31aJakarta :bCerah Budaya Indonesia,c2024 2rdacontentateks 2rdamediaatanpa perantara 2rdacarrieravolume aYOPDYOGbinderda a899.2211 AGU a aYOPDYOG a73322-PD/A.2025